000 00685nam a2200241Ia 4500
003 OSt
005 20220923222139.0
006 a|||||r|||| 00| 0
007 ta
008 220922b |||||||| |||| 00| 0 hin d
024 _a203,384
037 _cTextual
040 _aARTS
_cARTS
_bhin
041 _2hin
_ahin
082 _aO157,3N12,34, 152L4-;1
100 _aमित्र, विमल
245 0 _aमैं
246 _aMaian
260 _aदिल्ली
_b राजकमल प्रका0
_c1974
300 _a269पृ.
_ccm.
942 _hO157,3N12,34, 152L4-;1
_cTEXL
_2CC
999 _c354136
_d354136